| 000 | 02921nam a2200325 i 4500 | ||
|---|---|---|---|
| 003 | CSPC | ||
| 005 | 20260226092458.0 | ||
| 008 | 260224s2025 ph a b 000 0 eng d | ||
| 040 |
_aCSPC _beng _cCSPC _erda |
||
| 090 | _aUTH BSOA L114a 2025 | ||
| 100 | 1 |
_aLaborte, Earl Christian B., _eauthor. |
|
| 245 | 1 | 0 |
_aAssessing knowledge and practices on data privacy law among barangay health workers in the municipality of Buhi / _cEarl Christian B. Laborte, Krisel Lozano, Maria Donna N. Magalona, and Jonalyn B. Nacion. |
| 260 |
_aBuhi Camarines Sur : _bCamarines Sur Polytechnic Colleges, _c2025. |
||
| 300 | _a108 leaves. | ||
| 336 |
_2rdacontent _atext |
||
| 337 |
_2rdamedia _aunmediated |
||
| 338 |
_2rdacarrier _avolume |
||
| 502 |
_aUndergraduate Thesis (BSOA)-Office Administration. _cCamarines Sur Polytechnic Colleges, 2025. |
||
| 504 | _aIncludes bibliographical references. | ||
| 520 | 3 | _aThis study assesses the knowledge, awareness, understanding, and practices of Barangay Health Workers (BHWs) regarding Republic Act No. 10173 (Data Privacy Act of 2012) in Buhi, Camarines Sur, specifically in Poblacion barangays Sta. Elena, Sta.Clara, San Pascual, San Roque, and San Pedro. As frontline handlers of sensitive health data amid digital health transitions, BHWs (mostly female, aged 41+, high school graduates) were surveyed using a structured questionnaire with Likert scales to evaluate familiarity with privacy principles, daily practices, and implementation barriers. Key outputs reveal moderate knowledge levels: strengths in patient rights and consent but gaps in breach reporting; good practices overall with secure storage high yet digital transmission weaker; and significant challenges led by fear of errors and insufficient training, affecting those untrained despite years of service. Findings highlight urgent capacity gaps at the grassroots level, underscoring Protection Motivation Theory's role in compliance. Recommendations propose a comprehensive Barangay Data Privacy Training Plan: modular workshops by Municipal Health Office and National Privacy Commission, integration into BHW accreditation, low-cost secure templates, and annual audits with incentives. These targeted interventions equip policy makers to enhance confidentiality, integrity, and security of community health data, fostering ethical practices and patient trust in Bicol Region's primary care systems while bridging policy-practice divides. | |
| 700 | 1 |
_aLozano, Krisel, _eauthor. |
|
| 700 | 1 |
_aMagalona, Maria Donna N., _eauthor. |
|
| 700 | 1 |
_aNacion, Jonnalyn B., _eauthor. |
|
| 720 | 1 |
_aLuzon, Niño, Jeffrey L., _eadviser. |
|
| 720 | 1 |
_aTañamor, Ma. Bernadette O., _epanelist, chair. |
|
| 720 | 1 |
_aOliveros, Josefin N., _epanelist. |
|
| 720 | 1 |
_aAdriano, Rolando B., _epanelist. |
|
| 942 |
_2ddc _n0 _cUM _hL114a _iBSOA _kUTH _m2025 |
||
| 999 |
_c31898 _d31898 |
||